000 00708nam a2200229 a 4500
008
020 _a9780199228010 (hbk.)
049 _aMAIN
090 _aHF5813
_bFLE
100 1 _aFletcher, Winston.
245 1 0 _aPowers of persuasion :
_bthe inside story of British advertising: 1951-2000 /
_cWinston Fletcher.
260 _aOxford :
_bOxford University Press,
_c2008.
300 _avii, 288 p. :
_bill. ;
_c25 cm.
500 _aIncludes index.
504 _aIncludes bibliographical references.
650 1 _aAdvertising
907 _a.b10315718
_b03-06-13
_c13-07-12
003
005 20230123125436.0
040 _cNUST
942 _cBOOKS
_kHF5813
_mFLE
999 _c141591
_d141591